Statistics for Dog Breeds By Picture #2

Click here to take the quiz!

General Stats

  • This quiz has been taken 31 times
    (14 since last reset)
  • The average score is 12 of 15

Answer Stats

Answer% Correct
Dachshund
100%
Dalmatian
100%
Husky
100%
Maltese
93%
Alaskan Malamute
86%
Bloodhound
86%
Bull Terrier
86%
Chihuahua
86%
Greyhound
86%
Shiba Inu
86%
Bichon Frise
71%
Pomeranian
71%
Whippet
57%
Basset Hound
50%
Staffordshire Bull Terrier
43%

Score Distribution

Percentile by Number Answered

Percent of People with Each Score

Your Score History

You have not taken this quiz since the last reset